000 00714nam a2200241Ia 4500
003 OSt
005 20221005102754.0
006 a|||||r|||| 00| 0
007 ta
008 221004b |||||||| |||| 00| 0 eng d
024 _a61729
037 _cTextual
040 _aCRL
_cCRL
_beng
041 _2eng
_aeng
082 _aR844Q7v, K6.1-.2
100 _aSharif M M Ed.
245 0 _aHistory of muslim philosophy with short accounts of other disciplines and the modern renaissanoe in muslim lands
260 _aWiesbaden
_bOtto Harassowitz
_c1963
300 _avp.
_ccm.
650 _aPHILOSOPHY
942 _hR844Q7v, K6.1-.2
_cTEXL
_2cc
999 _c1008913
_d1008913